banner koha

Estrategia de orientacao tecnico-economica da agroindustria de processamento de oleaginosas na Regiao Sul e em Sao Paulo. Proposta de estudo (Registro n. 47652)

MARC details
000 -LÍDER
campo de controle de tamanho fixo 00854nam a22002657a 4500
001 - NÚMERO DE CONTROLE
campo de controle BR9400602
003 - IDENTIFICADOR DO NÚMERO DE CONTROLE
campo de controle BR-BrBNA
005 - DATA E HORÁRIO DA ÚLTIMA TRANSAÇÃO
campo de controle 20230928093857.0
007 - CAMPO FIXO DE DESCRIÇÃO FÍSICA--INFORMAÇÃO GERAL
campo de controle de tamanho fixo ta
008 - CAMPO DE DADOS FIXOS--INFORMAÇÃO GERAL
campo de controle de tamanho fixo 230509b bl.||||| |||| 00| 0 por d
040 ## - FONTE DA CATALOGAÇÃO
Instituição da catalogação original BR-BrBNA
Idioma da catalogação por
Instituição que transcreveu o registro Biblioteca Nacional de Agricultura
041 ## - CÓDIGO DE IDIOMA
Código do idioma do texto/trilha sonora ou título diferente (Por)
072 ## - CÓDIGO DE CATEGORIA DE ASSUNTO
Código de Categoria de Assunto E21
Código do objeto 9530
090 ## - NÚMERO DE CHAMADA LOCAL
-- 9530 BR9400602
110 1# - ENTRADA PRINCIPAL--NOME CORPORATIVO
Nome corporativo ou nome da jurisdição Fundacao de Integracao, Desenvolvimento e Educacao do Nordeste do Estado, Ijui, RS (Brasil)
9 (RLIN) 4869
245 1# - TÍTULO
Título Estrategia de orientacao tecnico-economica da agroindustria de processamento de oleaginosas na Regiao Sul e em Sao Paulo. Proposta de estudo
260 3# - PUBLICAÇÃO, DISTRIBUIÇÃO, ETC.
Local de publicação, distribuição, etc. Ijui, RS (Brasil):
Data da publicação, distribuição, etc. 1985.
300 ## - DESCRIÇÃO FÍSICA
Extensão 19 p.
650 ## - ASSUNTO--TERMO TÓPICO
Cabeçalho tópico ou nome geográfico Oleo Vegetal
650 ## - ASSUNTO--TERMO TÓPICO
Cabeçalho tópico ou nome geográfico Industria Agricola
650 ## - ASSUNTO--TERMO TÓPICO
Cabeçalho tópico ou nome geográfico Regiao Sul
650 ## - ASSUNTO--TERMO TÓPICO
Cabeçalho tópico ou nome geográfico Sao Paulo
909 ## -
-- 202309
-- Lucia
-- 55
-- Lucia Elande
942 ## - ELEMENTOS DE ENTRADA ADICIONADOS (KOHA)
Tipo de material Koha Livros
Exemplares
Situação do descarte Fonte da classificação ou esquema de arquivamento na estante Situação física Não pode ser emprestado Coleção Biblioteca de origem Biblioteca atual Total de empréstimos Número de telefone completo Código de barras Data de último acesso Número do exemplar Tipo de material Koha Situação das perdas Data de aquisição Fonte de aquisição
  Classificação AGRIS       Biblioteca Nacional de Agricultura - Binagri Biblioteca Nacional de Agricultura - Binagri   9530 BR9400602 9530 BR9400602 25/09/2023 01 Livros   2023-09-25 Portaria Interministerial nº 164/94

BINAGRI

Telefone: (61)3218-2567/2388/3357/2097 - binagri@agro.gov.br

Ministério da Agricultura e Pecuária , Esplanada dos Ministérios, Bloco D, Anexo B, Brasília/DF, CEP: 70.043-900